00417 2200157 4500001002100000005001500021035002000036245005600056100002100112300002600133260004400159082000800203084001400211020002200225990001200247INLIS00000000000268220250904031302 a0010-09250000291 aPanen Rupiah :bCuan Dari Patin /cJadmiko Darmawan0 aJadmiko Darmawan a110 hlm ;c15 x 23 cm aJakarta :bEsensi Erlangga Group,c2024 a600 a600 JAD p a978-634-7049-17-9 a0755340